Dome over India: (Record no. 178467)

MARC details
000 -LEADER
fixed length control field 00586nam a22001937a 4500
005 - DATE AND TIME OF LATEST TRANSACTION
control field 20210331154136.0
010 ## - LCCN (DPL NO)
LC control number B-738677
020 ## - INTERNATIONAL STANDARD BOOK NUMBER
International Standard Book Number 8175083522
035 ## - SYSTEM CONTROL NUMBER
System control number B-738677
037 ## - SOURCE OF ACQUISITION
Source of stock number/acquisition Gift
082 ## - DEWEY DECIMAL CLASSIFICATION NUMBER
Classification number 954.56
100 ## - MAIN ENTRY--PERSONAL NAME
Personal name Nath, Aman
245 ## - TITLE STATEMENT
Title Dome over India:
Remainder of title Rashtrapati Bhavan /
Statement of responsibility, etc by Aman Nath
260 ## - PUBLICATION, DISTRIBUTION, ETC. (IMPRINT)
Place of publication, distribution, etc New Delhi
Name of publisher, distributor, etc India Book House
300 ## - PHYSICAL DESCRIPTION
Extent 149p.:
Other physical details col. ill.
Dimensions 33cm(Hb)
500 ## - GENERAL NOTE
General note includes bibliographical references and index
942 ## - ADDED ENTRY ELEMENTS (KOHA)
Source of classification or shelving scheme Dewey Decimal Classification
Item type English Books
Classification part 954.56
Call number suffix NAT
Holdings
Withdrawn status Lost status Not for loan Collection code Home library Current library Date acquired Source of acquisition Full call number Barcode Copy number Koha item type
      Non-fiction Central Library Central Library 31/03/2021 Gift/Eng/26-02-2021 954.56 NAT B-738677 1 Reference Books

© Delhi Public Library
Hit Counter
free hit counter